书目信息 |
| 题名: |
天国的恋人
|
|
| 作者: | 赵玫 著 | |
| 分册: | ||
| 出版信息: | 北京 作家出版社 1993.07 |
|
| 页数: | 327页 | |
| 开本: | 32开 | |
| 丛书名: | ||
| 单 册: | ||
| 中图分类: | I247.5 | |
| 科图分类: | ||
| 主题词: | 小说--中国 | |
| 电子资源: | ||
| ISBN: | 7-5063-0644-1 | |
| 000 | 00520nam0 2200193 45 | |
| 001 | 0011010703 | |
| 005 | 20001101071040.0 | |
| 010 | @a7-5063-0644-1@d8.30元 | |
| 100 | @a20001101d1993 km y0chiy0120 ea | |
| 101 | 0 | @achi |
| 105 | @a z 000yy | |
| 200 | 1 | @a天国的恋人@ATian Guo De Lian Ren@f赵玫著@FZhao Mei Zhu |
| 210 | @a北京@c作家出版社@d1993.07 | |
| 215 | @a327页@d32开 | |
| 606 | 0 | @a小说@x中国 |
| 690 | @aI247.5@v3 | |
| 701 | 0 | @a赵玫@4著 |
| 801 | @aCN@bPftUser@c20001101 | |
| 905 | @b195967@dI247.5@eZH.116/3@f1 | |
| 天国的恋人/赵玫著.-北京:作家出版社,1993.07 |
| 327页;32开 |
| ISBN 7-5063-0644-1:8.30元 |
| ● |
| 相关链接 |
|
|
|
正题名:天国的恋人
索取号:I247.5/ZH.116/3
 
预约/预借
| 序号 | 登录号 | 条形码 | 馆藏地/架位号 | 状态 | 备注 |
| 1 | 195967 | 201959675 | 社科二线422/422社科库 4排1列1层/ [索取号:I247.5/ZH.116/3] | 在馆 |